00428nam a2200157Ia 4500008004100000040001900041041001200060082002400072100002100096245005000117260002400167300001900191650001900210651002300229850001800252131103s9999 xx 000 0 und d aLoreto College aEnglish a821/CAMbLCBED/5050 aCamilia, Francis 4aThe romantics and victorianscFrancis Camilia a[s.l]b[s.n]c[19?] a233p. c 18cm. aEnglish poetry aEnglish literature aLCBED/821/CAM